000 00502nam a2200157 i 4500
001 101504
003 ES-MaACL
005 20230906182925.0
007 t|
008 051019s1935 sp ||||1| spa d
100 1 _aMedina Echavarría, José.
_979734
245 1 3 _aLa situación presente de la filosofía jurídica
_b: esquema de una interpretación /
_cJosé Medina Echevarría.
260 _aMadrid :
_bRev. de Derecho Privado,
_c1935.
300 _a171 p. ;
_c23 cm.
852 _aES-MaACL
_jA-4153
999 _c101504
_d101504